Statistics for Tanki Online Hulls, Turrets, supplies, and gamemodes

Click here to take the quiz!

General Stats

  • This quiz has been taken 9 times
  • The average score is 24 of 30

Answer Stats

Answer% Correct
Firebird
88%
Mammoth
88%
Dictator
88%
Smoky
88%
Viking
88%
Wasp
88%
Thunder
88%
Hammer
88%
double damage
88%
Vulcan
88%
mine
88%
capture the flag
88%
capture points
88%
freeze
88%
Team Deathmatch
88%
titan
88%
gold
75%
Deathmatch
75%
Hornet
75%
Repair Kit
75%
Shaft
75%
Striker
75%
twins
75%
Railgun
75%
Assault
75%
Magnum
63%
double armor
63%
speed boost
63%
Isida
63%
ricohet
25%

Score Distribution

Percentile by Number Answered

Percent of People with Each Score

Your Score History

You have not taken this quiz